|
|
|
|
| LEADER |
00000nam2a2200000 4500 |
| 001 |
298060 |
| 005 |
20231102001052.0 |
| 020 |
|
|
|a RU
|b 85-11552
|
| 035 |
|
|
|a (RuTPU)RU\TPU\book\323202
|
| 090 |
|
|
|a 298060
|
| 100 |
|
|
|a 20150616g1984 k y0rusy5003 ca
|
| 101 |
0 |
|
|a rus
|
| 102 |
|
|
|a KZ
|
| 105 |
|
|
|a a z 001zy
|
| 200 |
0 |
|
|a Т. 2 : Полезные ископаемые
|
| 210 |
|
|
|a Алма-Ата
|c Наука
|d 1984
|
| 215 |
|
|
|a 198 с.
|c ил.
|
| 320 |
|
|
|a Библиогр.: с. 192-198
|
| 461 |
|
1 |
|0 (RuTPU)RU\TPU\book\313606
|t Геология и полезные ископаемые юго-востока Тургайского прогиба и Северного Улытау
|o в 2 т.
|f Академия наук Казахской ССР (АН КазССР), Институт геологических наук им. К. И. Сатпаева (ИГН) ; Казахский научно-исследовательский институт минерального сырья ; под ред. А. А. Абдулина
|v Т. 2 : Полезные ископаемые
|d 1984
|
| 606 |
1 |
|
|a Геология
|y Казахстан
|2 stltpush
|3 (RuTPU)RU\TPU\subj\72113
|9 85700
|
| 606 |
1 |
|
|a Полезные ископаемые
|x Геология
|2 stltpush
|3 (RuTPU)RU\TPU\subj\50069
|9 68818
|
| 610 |
1 |
|
|a рудные формации
|
| 610 |
1 |
|
|a черные металлы
|
| 610 |
1 |
|
|a цветные металлы
|
| 610 |
1 |
|
|a благородные металлы
|
| 610 |
1 |
|
|a эндогенные месторождения
|
| 610 |
1 |
|
|a экзогенные месторождения
|
| 610 |
1 |
|
|a магматизм
|
| 610 |
1 |
|
|a осадконакопление
|
| 610 |
1 |
|
|a рудная зональность
|
| 610 |
1 |
|
|a неметаллические полезные ископаемые
|
| 610 |
1 |
|
|a размещение
|
| 675 |
|
|
|a 55(574)
|v 3
|
| 675 |
|
|
|a 553
|v 3
|
| 801 |
|
0 |
|a RU
|b RuMRKP
|c 19950704
|g psbo
|
| 801 |
|
1 |
|a RU
|b 63413507
|c 20150616
|
| 801 |
|
2 |
|a RU
|b 63413507
|c 20190215
|g RCR
|
| 942 |
|
|
|c BK
|